Моделирование и исследование процесса плазмохимического синтеза наноразмерных оксидных композиций для уранового дисперсионного ядерного топлива; Химия и химическая технология в XXI веке

Bibliographic Details
Parent link:Химия и химическая технология в XXI веке.— 2020.— [С. 645-646]
Main Author: Зотов Е. Э.
Corporate Authors: Национальный исследовательский Томский политехнический университет Инженерная школа ядерных технологий Отделение ядерно-топливного цикла, Национальный исследовательский Томский политехнический университет Инженерная школа ядерных технологий Научная лаборатория изотопного анализа и технологий
Other Authors: Иванов К. С. (научный руководитель), Каренгин А. А. Алексей Александрович, Каренгин А. Г. Александр Григорьевич
Summary:Заглавие с экрана
Language:Russian
Published: 2020
Series:Перспективные материалы и нанотехнологии
Subjects:
Online Access:http://earchive.tpu.ru/handle/11683/63566
Format: Electronic Book Chapter
KOHA link:https://koha.lib.tpu.ru/cgi-bin/koha/opac-detail.pl?biblionumber=632050

MARC

LEADER 00000naa2a2200000 4500
001 632050
005 20240117120412.0
035 |a (RuTPU)RU\TPU\conf\33751 
035 |a RU\TPU\conf\33750 
090 |a 632050 
100 |a 20201006d2020 k y0rusy50 ca 
101 0 |a rus 
102 |a RU 
105 |a y z 101zy 
135 |a drgn ---uucaa 
181 0 |a i  
182 0 |a b 
200 1 |a Моделирование и исследование процесса плазмохимического синтеза наноразмерных оксидных композиций для уранового дисперсионного ядерного топлива  |f Е. Э. Зотов, К. С. Иванов, А. А. Каренгин  |g науч. рук. А. Г. Каренгин 
203 |a Текст  |c электронный 
225 1 |a Перспективные материалы и нанотехнологии 
300 |a Заглавие с экрана 
320 |a [Библиогр.: с. 646 (2 назв.)] 
338 |b Российский научный фонд  |d 18-19-00136 
463 0 |0 (RuTPU)RU\TPU\conf\32967  |t Химия и химическая технология в XXI веке  |o материалы XXI Международной научно-практической конференции студентов и молодых ученых имени выдающихся химиков Л. П. Кулёва и Н. М. Кижнера, посвященной 110-летию со дня рождения профессора А. Г. Стромберга, 21–24 сентября 2020 г., г. Томск  |f Национальный исследовательский Томский политехнический университет  |v [С. 645-646]  |d 2020 
610 1 |a электронный ресурс 
610 1 |a труды учёных ТПУ 
610 1 |a моделирование процесса 
610 1 |a плазмохимический синтез 
610 1 |a наноразмерные оксидные композиции 
610 1 |a урановое топливо 
610 1 |a ядерное топливо 
610 1 |a керамическое ядерное топливо 
610 1 |a реакторы на тепловых нейтронах 
700 1 |a Зотов  |b Е. Э. 
701 1 |a Иванов  |b К. С. 
701 1 |a Каренгин  |b А. А.  |c физик  |c инженер-исследователь Томского политехнического университета  |f 1989-  |g Алексей Александрович  |3 (RuTPU)RU\TPU\pers\32973 
702 1 |a Каренгин  |b А. Г.  |c физик  |c доцент Томского политехнического университета, кандидат физико-математических наук  |f 1950-  |g Александр Григорьевич  |4 727  |9 10751 
712 0 2 |a Национальный исследовательский Томский политехнический университет  |b Инженерная школа ядерных технологий  |b Отделение ядерно-топливного цикла  |3 (RuTPU)RU\TPU\col\23554 
712 0 2 |a Национальный исследовательский Томский политехнический университет  |b Инженерная школа ядерных технологий  |b Научная лаборатория изотопного анализа и технологий  |3 (RuTPU)RU\TPU\col\25157 
801 2 |a RU  |b 63413507  |c 20201125  |g RCR 
856 4 |u http://earchive.tpu.ru/handle/11683/63566 
942 |c BK